Statistics for Undertale Characters Quiz

Click here to take the quiz!

General Stats

  • This quiz has been taken 125 times
  • The average score is 14 of 15

Answer Stats

DescriptionAnswer% Correct
The evil flowerFlowey
100%
The lazy skeletonSans
100%
The nice goat motherToriel
100%
The happy skeletonPapyrus
99%
The king of the undergroundAsgore
98%
The true antagonistChara
98%
The fish warriorUndyne
97%
The nice goat childAsriel
96%
The main protagonistFrisk
96%
The famous robotMettaton
95%
The spider queenMuffet
95%
The awkward ghostNapstablook
94%
The smart dinosaurAlphys
93%
Hoi! I’m ______!Temmie
92%
Speaks in wing dingsGaster
86%

Score Distribution

Percentile by Number Answered

Percent of People with Each Score

Your Score History

You have not taken this quiz